Trading in soft commodity futures (Record no. 39490)

MARC details
000 -LEADER
fixed length control field 00318nam a2200121Ia 4500
082 ## - DEWEY DECIMAL CLASSIFICATION NUMBER
Classification number 339.1
Item number SAV
100 ## - MAIN ENTRY--AUTHOR NAME
Personal name SAVAIKO, Bernard C
245 #0 - TITLE STATEMENT
Title Trading in soft commodity futures
260 ## - PUBLICATION, DISTRIBUTION, ETC. (IMPRINT)
Place of publication New York
Name of publisher John Wiley
Year of publication 1986
650 ## - SUBJECT ADDED ENTRY--TOPICAL TERM
Topical Term Commodity exchanges
942 ## - ADDED ENTRY ELEMENTS (KOHA)
Koha item type Books
Holdings
Withdrawn status Lost status Damaged status Not for loan Home library Current library Date acquired Full call number Accession Number Koha item type
        RRII Library RRII Library 16/12/2021 339.1 SAV 19823 Books